00502nam a2200205Ia 4500003000900000008004100009040001300050040001300063041000800076100002600084245008900110250001100199260000800210260000900218300001100227300001200238490001300250490000700263600002600270IT-RoPAU120407s9999 xx 000 0 und d aIT-RoPAU cIT-RoPAU aita aMaurice de Montmollin aL’istruzione programmata. Trad. dal franc. di P. Musarra e M. Fasanelli Barracano. aTorino aSei c1967 a140 p. c20,5 cm aI rubini v12 a1. Didattica - metodi